000
00190nam a2200109Ia 4500
100
_a
#N/A
942
_c
BK
654
_a
linux
245
_a
Linux
260
_b
#N/A
_c
2005
546
_a
ENGLISH
999
_c
33391
_d
33391